Normal view MARC view
  • Throne, Jack Tiffany, John

Entry Corporate Name

Number of records used in: 1

001 - CONTROL NUMBER

  • control field: 81714

003 - CONTROL NUMBER IDENTIFIER

  • control field: NUST

005 - DATE AND TIME OF LATEST TRANSACTION

  • control field: 20210826145425.0

008 - FIXED-LENGTH DATA ELEMENTS

  • fixed length control field: 210826|| aca||aabn | a|a d

040 ## - CATALOGING SOURCE

  • Original cataloging agency: NUST
  • Transcribing agency: NUST

110 ## - HEADING--CORPORATE NAME

  • Corporate name or jurisdiction name as entry element: Throne, Jack Tiffany, John

670 ## - SOURCE DATA FOUND

  • Source citation: Work cat.: (NUST)586202: Rowling, J K 11309, Harry Potter And The Cursed Child, 2016.
© 2023 Central Library, National University of Sciences and Technology. All Rights Reserved.